000 01555ncm0a2200373 4500
001 RU\NLR\ONIZ\219884
005 20260405095323.0
010 _a978-5-9222-0785-0
021 _aRU
_b14-409н
_914-24н
035 _a(NLR Aleph) 011535479
090 _a12167482
_c12167482
100 _a20171004d2014 |||y0rusy50 ca
101 0 _arus
102 _aRU
125 _aax
200 1 _aКряшенская культура
_bНоты
_eправославные праздники, славильные песни, духовные стихи
_e[для пения без сопровожд., и в сопровожд. тат. инструменов]
_fГ. Макаров
210 _aКазань
_cОтечество
_d2014
215 _a148 с.
_cил.
_d29 см
300 _aПарал. тат., рус.
300 _aПредисл.: с. 5-35
606 1 _aКряшены. Духовные песни
_jНоты
_2nlr_sh
686 _aЩ92(2Р=Тат)-4я43
_vLBC/SL
_2rubbk
686 _aЩ94я44(2Р=Тат)
_vLBC/SL
_2rubbk
700 1 _4230
_7ca
_8rus
_aМакаров
_bГ. М.
_cканд. искусствоведения
_f1951-
_gГеннадий Михайлович
_918809
_3RU\NLR\AUTH\7735813
790 1 _9z01700
_aMakarov
_bG.
_gGennadij
_4230
801 0 _aRU
_bNLR
_c20171004
_gPSBO
801 1 _aRU
_bNLR
_c20171004
_2rusmarc
801 2 _aRU
_bNLR
_c20190630
852 _aNLR
_bМ
_j3/11763
_pМОЭ 2014-24н/409н
_t1
852 _aNLR
_bМ
_j3/11763а
_pМОЭ 2014-24н/409на
_t2
942 _cSCORE
980 _aNB
980 _aONIZ